Indicadores : (Registro nro. 47226)
[ vista simple ]
| 000 -CABECERA | |
|---|---|
| campo de control de longitud fija | 00874nam a2200241 a 4500 |
| 001 - NÚMERO DE CONTROL | |
| campo de control | 000047738 |
| 003 - IDENTIFICADOR DEL NÚMERO DE CONTROL | |
| campo de control | DO-SdBNP |
| 005 - FECHA Y HORA DE LA ÚLTIMA TRANSACCIÓN | |
| campo de control | 20250703135908.0 |
| 008 - DATOS DE LONGITUD FIJA--INFORMACIÓN GENERAL | |
| campo de control de longitud fija | 100310s2008 dr 000 0 spa d |
| 040 ## - FUENTE DE LA CATALOGACIÓN | |
| Centro catalogador/agencia de origen | DO-SdBNP |
| Lengua de catalogación | spa |
| Centro/agencia transcriptor | BNPHU |
| 082 ## - NÚMERO DE LA CLASIFICACIÓN DECIMAL DEWEY | |
| Número de clasificación | 370.97293 |
| Número de documento/Ítem | R426i |
| 110 2# - ENTRADA PRINCIPAL--NOMBRE DE ENTIDAD CORPORATIVA | |
| Nombre de entidad corporativa o nombre de jurisdicción como elemento de entrada | República Dominicana |
| Unidad subordinada | Secretaría de Estado de Educación |
| 9 (RLIN) | 607 |
| 245 10 - MENCIÓN DE TÍTULO | |
| Título | Indicadores : |
| Resto del título | educativos 2006-2007 |
| 246 13 - FORMA VARIANTE DE TÍTULO | |
| Título propio/Titulo breve | Estadísticas educativas 2006-2007 |
| 260 ## - PUBLICACIÓN, DISTRIBUCIÓN, ETC. | |
| Lugar de publicación, distribución, etc. | Santo Domingo : |
| Nombre del editor, distribuidor, etc. | Oficina de Planificación Educativa, |
| Fecha de publicación, distribución, etc. | 2008. |
| 490 1# - MENCIÓN DE SERIE | |
| Mención de serie | Gestión Educativa |
| 500 ## - NOTA GENERAL | |
| Nota general | Gestión Educativa 2004- 2008 |
| 590 ## - NOTA LOCAL (RLIN) | |
| Nota local | Inventariado, 2019/ VM |
| 650 #4 - PUNTO DE ACCESO ADICIONAL DE MATERIA--TÉRMINO DE MATERIA | |
| Término de materia o nombre geográfico como elemento de entrada | Educación |
| Subdivisión geográfica | República Dominicana |
| Subdivisión de forma | Estadísticas |
| Subdivisión cronológica | 2006-2007 |
| 9 (RLIN) | 75336 |
| 650 #4 - PUNTO DE ACCESO ADICIONAL DE MATERIA--TÉRMINO DE MATERIA | |
| Término de materia o nombre geográfico como elemento de entrada | Educación y estado |
| Subdivisión geográfica | República Dominicana |
| 9 (RLIN) | 10500 |
| 830 #0 - PUNTO DE ACCESO ADICIONAL DE SERIE-TÍTULO UNIFORME | |
| Título uniforme | Gestión Educativa (República Dominicana) |
| Designación de volumen o secuencia | 4 |
| 9 (RLIN) | 75337 |
| 942 ## - ELEMENTOS DE PUNTO DE ACCESO ADICIONAL (KOHA) | |
| Fuente del sistema de clasificación o colocación | Dewey Decimal Classification |
| Tipo de ítem Koha | Libro |
| Estado de retiro | Estado de pérdida | No para préstamo | Código de colección | Localización permanente | Ubicación/localización actual | Ubicación en estantería | Fecha de adquisición | Número de inventario | Total de préstamos | Signatura topográfica completa | Código de barras | Fecha visto por última vez | Precio válido a partir de | Tipo de ítem Koha |
|---|---|---|---|---|---|---|---|---|---|---|---|---|---|---|
| Excluido de préstamo | Patrimonio Dominicano | Patrimonio Dominicano | Patrimonio Dominicano | Depósito | 30.07.2018 | LF1 | 370.97293 R426i | 47738-10 | 25.06.2020 | 25.06.2020 | Libro y Folleto Colección Patrimonio Dominicano |
